Joueurs qui ont joué pour l'OL et l'OM - Mort subite - Statistiques

Statistiques générales
  • Ce quiz a été pris 527 fois
    84 depuis la dernière actualisation
  • Le résultat moyen est 11 sur 18
Answers on the Grid
Answers color-coded by a green-red scale on the quiz's grid according to % correct below.
Bafetimbi Gomis
Valère Germain
Mathieu Valbuena
Lassana Diarra
Adrien Rabiot
Sony Anderson
Yohan Gourcuff
Pape Gueye
Duje Caleta Car
Clinton N’Jie
Amine Gouiri
Sylvain Wiltord
Amine Harit
Henri Bedimo
Jérémy Morel
Matteo Guendouzi
Benoît Pedretti
Abedi Pelé
Florian Thauvin
Hatem Ben Arfa
Peguy Luyindula
Florian Maurice
Vitorino Hilton
Grégory Coupet
Nicolas Nkoulou
Loïc Rémy
André Pierre Gignac
Edmilson
Alou Diarra
Jordan Veretout
 
Statistiques - réponses
Réponse % Correct
Mathieu Valbuena
87%
Bafetimbi Gomis
85%
Duje Caleta Car
78%
Hatem Ben Arfa
78%
Jordan Veretout
78%
Jérémy Morel
72%
Amine Gouiri
70%
Clinton N’Jie
63%
Loïc Rémy
63%
Nicolas Nkoulou
56%
Sony Anderson
56%
Henri Bedimo
54%
Benoît Pedretti
46%
Sylvain Wiltord
46%
Alou Diarra
44%
Peguy Luyindula
43%
Florian Maurice
39%
Abedi Pelé
31%
Aucun quiz correspondant
Distribution des résultats
% des personnes avec chaque résultat
Percentile par nombre de réponses
Votre historique - résultats
Vous n’avez pas pris ce quiz depuis la dernière actualisation